Antický Rím

Enregistré dans:
Détails bibliographiques
Format: Livre
Publié: Bratislava : Tatran, 1975
Sujets:
Tags: Ajouter un tag
Pas de tags, Soyez le premier à ajouter un tag!

MARC

LEADER 00000nam a22000003a 4500
001 stu253846
005 20141121205445.5
008 120831s1975----------------------------d
040 |a STU  |b slo 
041 0
245 |a Antický Rím 
260 |a Bratislava :  |b Tatran,  |c 1975 
300 |a 301 s 
650 7 |a rímske dejiny  |2 stusub 
650 7 |a rímska architektúra  |2 stusub 
650 7 |a Rím  |2 stusub 
996 |b 284AU05290  |c A*8019 U  |l AAKNAR  |s A  |a 24  |w stu253846_0001